Wszystkie uprawy w Farming Simulator 25 - Statystyki

Ogólne statystyki
  • Ten quiz został rozwiązany 148 razy
  • Średni wynik to 15 z 31
Statystyki odpowiedzi
Uprawy z pól uprawnych % Poprawnych
Pszenica
94%
Jęczmień
84%
Kukurydza
84%
Owies
83%
Rzepak
80%
Pomidor
76%
Burak cukrowy
74%
Ziemniak
73%
Soja
71%
Ryż
69%
Sałata
63%
Marchew
62%
Sorgo
62%
Truskawka
53%
Słonecznik
50%
Bawełna
48%
Burak czerwony
48%
Winogrono
40%
Kapusta pekińska
39%
Szpinak
38%
Pasternak
36%
Oliwka
34%
Ryż długoziarnisty
34%
Trzcina cukrowa
33%
Groszek
27%
Czosnek
17%
Fasolka zielona
17%
Enoki
12%
Chili
11%
Zielona cebulka
10%
Boczniak ostrygowaty
8%
Nie znaleziono quizów pasujących do podanych kryteriów
Rozkład punktacji
Procent ludzi z każdym wynikiem
Percentyl według liczby udzielonych odpowiedzi
Twoja historia wyników
Nie rozwiązałeś tego quizu